LEADER 02105 am 2200445 n 450 001 9910416514903321 005 20190709 010 $a2-84867-684-1 024 7 $a10.4000/books.pufc.1084 035 $a(CKB)4100000010013948 035 $a(FrMaCLE)OB-pufc-1084 035 $a(oapen)https://directory.doabooks.org/handle/20.500.12854/47497 035 $a(PPN)241685702 035 $a(EXLCZ)994100000010013948 100 $a20191219j|||||||| ||| 0 101 0 $afre 135 $auu||||||m|||| 181 $ctxt$2rdacontent 182 $cc$2rdamedia 183 $acr$2rdacarrier 200 13$aLa femme et son image dans l??uvre de Victor Segalen /$fLaurence Cachot 210 $aBesançon $cPresses universitaires de Franche-Comté$d2019 215 $a1 online resource (165 p.) 311 $a2-913322-49-2 330 $aLa femme occupe une place privilégiée dans l??uvre de Victor Segalen. L?exaltation de la différence, qui fonde son Esthétique du Divers, inscrit en effet la réflexion du poète sur l?essence de la féminité dans le cadre d?une appréhension plus large du monde et des rapports humains. La figure féminine se révèle sous des aspects variés, et parfois contradictoires, qui trahissent l?ambivalence des sentiments que l?auteur nourrissait à l?égard de la femme, compagne attirante ou menaçante, lumineuse et mystérieuse. C?est tout l?intérêt de cette étude, une des premières à aborder les écrits de Victor Segalen d?un point de vue thématique, que de faire ressortir l?extrême complexité de cette image omniprésente dans l?ensemble de l??uvre. 606 $aWomen in literature 610 $amystère 610 $aétude thématique 610 $afemme 610 $apoète 610 $aesthétisme 610 $aexaltation 615 0$aWomen in literature. 676 $a848/.91209 700 $aCachot$b Laurence$01239626 801 0$bFR-FrMaCLE 906 $aBOOK 912 $a9910416514903321 996 $aLa femme et son image dans l'?uvre de Victor Segalen$92876115 997 $aUNINA